Alfabet Grecki sprint - Statystyki

Ogólne statystyki
  • Ten quiz został rozwiązany 318 razy
  • Średni wynik to 9 z 24
Statystyki odpowiedzi
Hint Odpowiedź % Poprawnych
α Alfa
99%
β Beta
99%
γ Gamma
86%
δ Delta
78%
ε Epsilon
58%
Ω Omega
53%
π Pi
52%
λ Lambda
45%
κ Kappa
39%
ρ Rho
30%
θ Theta
27%
ι Jota
25%
σ Sigma
25%
η Eta
24%
φ Fi
23%
ζ Zeta
22%
ν Ny
20%
ο Omikron
20%
μ My
19%
τ Tau
19%
ξ Ksi
18%
χ Chi
11%
ψ Psi
10%
υ Ipsilon
6%
Nie znaleziono quizów pasujących do podanych kryteriów
Rozkład punktacji
Procent ludzi z każdym wynikiem
Percentyl według liczby udzielonych odpowiedzi
Twoja historia wyników
Nie rozwiązałeś tego quizu